00341 2200133 4500001002100000005001500021035002000036245005900056100002500115260003400140082000800174084001400182990001100196INLIS00000000000248720250604111435 a0010-06250000731 aAnak Perawab Disarang Penyamun /cST. Takdir Alisabana0 aST. Takdir Alisabana aJakarta :bDian Rakyat,c1997 a800 a800 ST. a a000062